00365nam a2200145Ia 4500008004100000084001500041100002900056245003500085250002000120260000900140260000900149260001100158300001500169500003500184180424s9999 xx 000 0 und d a894.811 S1 a"Sivathamby, Karthigesu" 0aDrama in Ancient Tamil Society a\\198100ENGGPSX aNCBH b1981 cMadras axxvii+443p aincludes index and biblioraphy